Run. (Record no. 590359)

000 -LEADER
fixed length control field 02924cam a22004698i 4500
001 - CONTROL NUMBER
control field 20589477
003 - CONTROL NUMBER IDENTIFIER
control field NUST
005 - DATE AND TIME OF LATEST TRANSACTION
control field 20220828182204.0
006 - FIXED-LENGTH DATA ELEMENTS--ADDITIONAL MATERIAL CHARACTERISTICS
fixed length control field m |o d |
007 - PHYSICAL DESCRIPTION FIXED FIELD--GENERAL INFORMATION
fixed length control field cr_|||||||||||
008 - FIXED-LENGTH DATA ELEMENTS--GENERAL INFORMATION
fixed length control field 180719s2018 nyu o6 000 0aeng
010 ## - LIBRARY OF CONGRESS CONTROL NUMBER
LC control number 2018034667
020 ## - INTERNATIONAL STANDARD BOOK NUMBER
International Standard Book Number 9781683353829 (All ebooks)
020 ## - INTERNATIONAL STANDARD BOOK NUMBER
Canceled/invalid ISBN 9781419730696
038 ## - RECORD CONTENT LICENSOR
Staff Name Azhar
040 ## - CATALOGING SOURCE
Original cataloging agency DLC
Language of cataloging eng
Description conventions rda
Transcribing agency DLC
042 ## - AUTHENTICATION CODE
Authentication code pcc
043 ## - GEOGRAPHIC AREA CODE
Geographic area code n-us---
050 10 - LIBRARY OF CONGRESS CALL NUMBER
Classification number E840.8.L43
082 00 - DEWEY DECIMAL CLASSIFICATION NUMBER
Classification number 328.73092
-- B
Edition number 23
Author Mark LEW
100 1# - MAIN ENTRY--PERSONAL NAME
Personal name Lewis, John,
Dates associated with a name 1940-2020,
Relator term author.
9 (RLIN) 93823
245 10 - TITLE STATEMENT
Title Run.
Number of part/section of a work Book one
Statement of responsibility, etc. by John Lewis and Andrew Aydin ; illustrated by Afua Richardson with Nate Powell.
260 ## - PUBLICATION, DISTRIBUTION, ETC.
Place of publication, distribution, etc. New York :
Name of publisher, distributor, etc. Abrams ComicArts,
Date of publication, distribution, etc. 2018
300 ## - PHYSICAL DESCRIPTION
Extent 1 online resource.
336 ## - CONTENT TYPE
Content type term text
Content type code txt
Source rdacontent
337 ## - MEDIA TYPE
Media type term computer
Media type code n
Source rdamedia
338 ## - CARRIER TYPE
Carrier type term online resource
Carrier type code nc
Source rdacarrier
520 ## - SUMMARY, ETC.
Summary, etc. "From the #1 New York Times bestselling, graphic novel series March comes the continuation of the life story of John Lewis and the struggles seen across the United States after the Civil Rights Movement. For John Lewis, the Civil Rights Movement as he knew it ended with the signing of the Voting Rights Act in 1965, but his struggle in the following years echo many of the same questions of civil rights and equality that are being asked today. The movement secured the right to sit at a lunch counter, but what about the right to earn a dollar to pay for your meal? Ousted from the Student Nonviolent Coordinating Committee due to internal disorder, Lewis went on to work on Robert F. Kennedy's campaign, to be shocked by the events of 1968. Struggling with the larger question of how to rebuild the movement, Lewis had an idea: someone should run for the 5th Congressional district seat in Georgia. Starting with the tragic death of Martin Luther King Jr., Run tells the story of how John Lewis entered politics, working within the community, and organizing a campaign that has taken him to one of the most important seats in Congress"--
Assigning source Provided by publisher.
563 ## - BINDING INFORMATION
Binding note HB
588 ## - SOURCE OF DESCRIPTION NOTE
Source of description note Description based on print version record and CIP data provided by publisher; resource not viewed.
600 10 - SUBJECT ADDED ENTRY--PERSONAL NAME
Personal name Lewis, John,
Dates associated with a name 1940-2020
Form subdivision Comic books, strips, etc.
9 (RLIN) 93827
650 #0 - SUBJECT ADDED ENTRY--TOPICAL TERM
Topical term or geographic name entry element African American legislators
Form subdivision Biography
-- Comic books, strips, etc.
9 (RLIN) 93828
650 #0 - SUBJECT ADDED ENTRY--TOPICAL TERM
Topical term or geographic name entry element Legislators
Geographic subdivision United States
Form subdivision Biography
-- Comic books, strips, etc.
9 (RLIN) 93829
655 #7 - INDEX TERM--GENRE/FORM
Genre/form data or focus term Autobiographical comics.
Source of term lcgft
9 (RLIN) 93830
700 1# - ADDED ENTRY--PERSONAL NAME
Personal name Aydin, Andrew,
Relator term author.
9 (RLIN) 93831
700 1# - ADDED ENTRY--PERSONAL NAME
Personal name Richardson, Afua,
Relator term illustrator.
9 (RLIN) 93832
700 1# - ADDED ENTRY--PERSONAL NAME
Personal name Powell, Nate,
Relator term illustrator.
9 (RLIN) 93833
776 08 - ADDITIONAL PHYSICAL FORM ENTRY
Relationship information Lewis, John, 1940-2020, author.
Title Run.
Place, publisher, and date of publication New York : Abrams ComicArts, 2018
International Standard Book Number 9781419730696
Record control number (DLC) 2018024127
906 ## - LOCAL DATA ELEMENT F, LDF (RLIN)
a 7
b cbc
c origcop
d 1
e ecip
f 20
g y-gencatlg
942 ## - ADDED ENTRY ELEMENTS (KOHA)
Source of classification or shelving scheme
Koha item type Lincoln Corner
Holdings
Withdrawn status Lost status Source of classification or shelving scheme Damaged status Not for loan Permanent Location Current Location Shelving location Date acquired Full call number Barcode Date last seen Price effective from Koha item type
          Central Library (CL) Central Library (CL) Lincoln Corner 07/19/2022 328.73092 LEW LC-70 07/19/2022 07/19/2022 Reference
© 2023 Central Library, National University of Sciences and Technology. All Rights Reserved.